000 00851nam a2200229Ia 4500
003 OSt
005 20251219151955.0
008 220922b |||||||| |||| 00| 0 hin d
037 _cTB
040 _aARTS
_cARTS
_bhin
041 _2hin
_ahin
084 _aO157,1M61:g 152M1
_qAL
100 _aद्विवेदी, हजारीप्रसाद
_9858126
245 0 _aमृत्युज्य रवीन्द्र
246 _aMṛutyujya ravīndra
250 _aसंस्क 2
260 _aनई दिल्ली,भारत:
_b राजमकल प्रका0,
_c1981.
300 _a224पृ.
_ccm.
650 _aबंगाली साहित्य
_9156264
942 _hO157,M61:g, 152M1
_cTB
_2CC
_n0
999 _c353818
_d353818